000 00707nam a2200289Ia 4500
005 20260324112904.0
008 008 260324s9999 xx 000 0 eng d
020 _a9781003360148
037 _aEBOOK
040 _aCRL
040 _beng
040 _cCRL
041 _2eng
041 _aeng
084 _qCRL
100 _aRosie Alexander
_91144551
245 0 _aHigher Education, Place, and Career Development
245 0 _bLearning from Rural and Island Students
260 _bTaylor and Francis
260 _c2024
365 _a
365 _b220
856 _uhttp://www.taylorfrancis.com/books/9781003360148
942 _cEBOOK
999 _c1733933
_d1733933